| 000 | 00000nam 2200000za 4500 |
| 001 | 9.800457 |
| 003 | CaOODSP |
| 005 | 20250506145325 |
| 007 | cr ||||||||||| |
| 008 | 150505s1988 xxc |s f000 0 fre d |
| 020 | |z0-662-94734-7 |
| 040 | |aCaOODSP|bfre |
| 043 | |an-cn--- |
| 086 | 1 |aA63-1821/1988F-PDF |
| 245 | 00|aCode de pratiques recommandées pour l'entretien des veaux préruminants de boucherie |h[ressource électronique] / |c[coordonné par la Fédération des sociétés canadiennes d'assistance aux animaux]. |
| 260 | |aOttawa :|bAgriculture Canada,|cc1988. |
| 300 | |a47 p. : |btableaux. |
| 500 | |aPublication historique numérisée par Agriculture et Agroalimentaire Canada. |
| 500 | |aÉgalement disponible en anglais sous le titre : Recommended code of practice for the care and handling of special fed veal calves. |
| 692 | 07|2gccst|aBovin de boucherie |
| 692 | 07|2gccst|aÉlevage |
| 710 | 2 |aFédération des sociétés canadiennes d'assistance aux animaux. |
| 710 | 1 |aCanada.|bAgriculture Canada. |
| 775 | 08|tRecommended code of practice for the care and handling of special fed veal calves |w(CaOODSP)9.800455 |
| 856 | 40|qPDF|s2.57 Mo|uhttps://publications.gc.ca/collections/collection_2015/aac-aafc/A63-1821-1988-fra.pdf |
| 986 | |aPublication 1821/F |